<?xml version="1.0" encoding="UTF-8"?>
<record
    xmlns:xsi="http://www.w3.org/2001/XMLSchema-instance"
    xsi:schemaLocation="http://www.loc.gov/MARC21/slim http://www.loc.gov/standards/marcxml/schema/MARC21slim.xsd"
    xmlns="http://www.loc.gov/MARC21/slim">

  <leader>01162nab a2200229 i 4500</leader>
  <controlfield tag="001">DO-SdBNP</controlfield>
  <controlfield tag="005">20260218091029.0</controlfield>
  <controlfield tag="007">ta</controlfield>
  <controlfield tag="008">260218e1976    dr qn|p|r||||||0| | spa d</controlfield>
  <datafield tag="040" ind1=" " ind2=" ">
    <subfield code="a">DO-SdBNP</subfield>
    <subfield code="b">spa</subfield>
    <subfield code="c">BNPHU</subfield>
    <subfield code="e">rda</subfield>
  </datafield>
  <datafield tag="041" ind1=" " ind2=" ">
    <subfield code="h">spa</subfield>
  </datafield>
  <datafield tag="100" ind1=" " ind2=" ">
    <subfield code="9">60480</subfield>
    <subfield code="a">Pozo, Manuel de Jes&#xFA;s</subfield>
  </datafield>
  <datafield tag="245" ind1=" " ind2=" ">
    <subfield code="a">Historia del movimiento obrero dominicano 1900-1930 /</subfield>
    <subfield code="c">Manuel de Jes&#xFA;s Pozo.</subfield>
  </datafield>
  <datafield tag="300" ind1=" " ind2=" ">
    <subfield code="a"> p&#xE1;ginas, 37-89.</subfield>
  </datafield>
  <datafield tag="336" ind1=" " ind2=" ">
    <subfield code="a">texto</subfield>
    <subfield code="b">txt</subfield>
    <subfield code="2">rdacontent</subfield>
  </datafield>
  <datafield tag="337" ind1=" " ind2=" ">
    <subfield code="a">sin mediaci&#xF3;n </subfield>
    <subfield code="b">n</subfield>
    <subfield code="2">rdamedia</subfield>
  </datafield>
  <datafield tag="338" ind1=" " ind2=" ">
    <subfield code="a">volumen </subfield>
    <subfield code="b">nc </subfield>
    <subfield code="2">rdacarrier</subfield>
  </datafield>
  <datafield tag="520" ind1=" " ind2=" ">
    <subfield code="a">A partir del 1900 se intensifican las inmigraciones de trabajadores a la Rep&#xFA;blica Dominicana. A partir de esto se crear&#xE1;n las bases para la aparici&#xF3;n del enclave azucarero y el proceso de proletarizaci&#xF3;n inicial quedar&#xE1;, por tiempo, frenado o limitado a los ingenios y a las contadas f&#xE1;bricas y talleres que pudieron sobrevivir.</subfield>
  </datafield>
  <datafield tag="650" ind1=" " ind2=" ">
    <subfield code="9">60481</subfield>
    <subfield code="a">Movimiento Obrero</subfield>
    <subfield code="v">Publicaciones peri&#xF3;dicas </subfield>
    <subfield code="x">Historia, </subfield>
    <subfield code="y">1900-1930.</subfield>
    <subfield code="z">Rep&#xFA;blica Dominicana</subfield>
  </datafield>
  <datafield tag="773" ind1=" " ind2=" ">
    <subfield code="g">Vol. 1, n&#xFA;m.2 (abr-jun, 1976), p&#xE1;ginas, 37-89.</subfield>
    <subfield code="g">N&#xFA;m.2 (abr-jun, 1976), p&#xE1;ginas, 37-89.</subfield>
    <subfield code="t">Realidad contempor&#xE1;nea</subfield>
  </datafield>
  <datafield tag="942" ind1=" " ind2=" ">
    <subfield code="2">ddc</subfield>
    <subfield code="c">ISSUE</subfield>
  </datafield>
  <datafield tag="999" ind1=" " ind2=" ">
    <subfield code="c">60352</subfield>
    <subfield code="d">60352</subfield>
  </datafield>
</record>
